| Tag |
First Indicator |
Second Indicator |
Subfields |
| LEADER |
00000cam a2200000Ii 4500 |
| 001 |
in00003862012 |
| 005 |
20240125161118.5 |
| 008 |
160509m20169999iluab 6 000 1 eng d |
| 035 |
|
|
|a (OCoLC)ocn948999044
|
| 040 |
|
|
|a ON8
|b eng
|e rda
|c ON8
|d ON8
|d OCLCF
|d ZCU
|d OCLCO
|d OCLCQ
|d OCLCO
|
| 020 |
|
|
|a 9781592912810
|q (v. 1)
|q (hardcover)
|
| 020 |
|
|
|a 1592912818
|q (v. 1)
|q (hardcover)
|
| 020 |
|
|
|a 9781592912926
|q (v. 2)
|q (hardcover)
|
| 020 |
|
|
|a 1592912923
|q (v. 2)
|q (hardcover)
|
| 020 |
|
|
|a 9781592912933
|q (v. 3)
|q (hardcover)
|
| 020 |
|
|
|a 1592912931
|q (v. 3)
|q (hardcover)
|
| 082 |
0 |
4 |
|a 741.5942
|2 23
|
| 090 |
|
|
|a PN6728.P77
|b M66 2016
|
| 049 |
|
|
|a TXAM
|
| 100 |
1 |
|
|a Moore, Alan,
|d 1953-
|e author.
|
| 245 |
1 |
0 |
|a Providence /
|c story, Alan Moore ; art, Jacen Burrows.
|
| 264 |
|
1 |
|a Rantoul, IL :
|b Avatar Press, Inc.,
|c 2016-
|
| 300 |
|
|
|a volumes (unpaged) :
|b chiefly color illustrations, map on lining papers ;
|c 27 cm
|
| 336 |
|
|
|a text
|b txt
|2 rdacontent
|
| 336 |
|
|
|a still image
|b sti
|2 rdacontent
|
| 337 |
|
|
|a unmediated
|b n
|2 rdamedia
|
| 338 |
|
|
|a volume
|b nc
|2 rdacarrier
|
| 520 |
|
|
|a Alan Moore's quintessential horror series has set the standard for a terrifying examination of the works of H.P. Lovecraft. It is being universally hailed as one of Moore's most realized works in which the master scribe has controlled every iota of the story, art, and presentation. The result has been a masterpiece like no other, unparalleled in tone and content, and a true must have addition to his essential works in the field.
|
| 505 |
0 |
|
|a [Volume] 1 (Collects Providence #1-4) (Feb. 2016) -- [Volume] 2 (Collects Providence #5-8) (2017) -- [Volume] 3 (Collects Providence #9-12) (Aug. 2017).
|
| 650 |
|
0 |
|a Occultism
|v Comic books, strips, etc.
|
| 650 |
|
0 |
|a Supernatural
|v Comic books, strips, etc.
|
| 650 |
|
0 |
|a Reporters and reporting
|v Comic books, strips, etc.
|
| 650 |
|
7 |
|a Occultism.
|2 fast
|0 (OCoLC)fst01043123
|
| 650 |
|
7 |
|a Reporters and reporting.
|2 fast
|0 (OCoLC)fst01094906
|
| 650 |
|
7 |
|a Supernatural.
|2 fast
|0 (OCoLC)fst01138960
|
| 655 |
|
7 |
|a Comic books, strips, etc.
|2 fast
|0 (OCoLC)fst01423722
|
| 655 |
|
7 |
|a Graphic novels.
|2 fast
|0 (OCoLC)fst01726630
|
| 655 |
|
7 |
|a Horror comics.
|2 fast
|0 (OCoLC)fst01921683
|
| 655 |
|
7 |
|a Horror comics.
|2 lcgft
|
| 655 |
|
7 |
|a Graphic novels.
|2 lcgft
|
| 700 |
1 |
|
|a Burrows, Jacen,
|e artist.
|
| 948 |
|
|
|a cataloged
|b h
|c 2017/5/15
|d c
|e kwilli ams
|f 9:31:06 am
|
| 994 |
|
|
|a C0
|b TXA
|
| 999 |
f |
f |
|s fefdac50-5dee-3b92-8d32-2fedb88dd624
|i abf166df-d673-33f2-bb64-32bb41c1bd82
|t 0
|
| 952 |
f |
f |
|p normal
|a Texas A&M University
|b College Station
|c Sterling C. Evans Library
|d Evans: Library Stacks
|t 0
|e PN6728.P77 M66 2016
|h Library of Congress classification
|i unmediated -- volume
|k v.2
|m A14850199010
|
| 952 |
f |
f |
|p 4_hour
|a Texas A&M University
|b College Station
|c Sterling C. Evans Library
|d Evans: Media and Reserves (Evans 1st floor)
|t 0
|e PN6728.P77 M66 2016
|h Library of Congress classification
|i unmediated -- volume
|k v.3
|m A14852053280
|
| 952 |
f |
f |
|p 4_hour
|a Texas A&M University
|b College Station
|c Sterling C. Evans Library
|d Evans: Media and Reserves (Evans 1st floor)
|t 0
|e PN6728.P77 M66 2016
|h Library of Congress classification
|i unmediated -- volume
|k v.1
|m A14850192999
|
| 952 |
f |
f |
|p 4_hour
|a Texas A&M University
|b College Station
|c Sterling C. Evans Library
|d Evans: Media and Reserves (Evans 1st floor)
|t 0
|e PN6728.P77 M66 2016
|h Library of Congress classification
|i unmediated -- volume
|k v.4
|m A14852573865
|
| 998 |
f |
f |
|a PN6728.P77 M66 2016
|s v.1-3
|t 0
|l Evans: Library Stacks
|